000 00477cam a22002051 4500
001 sa 68003473
003 DLC
005 20260227112453.0
008 881029s1967 xx 000 0 beno
010 _asa 68003473
035 _a(OCoLC)23577041
040 _aDLC
_cMiU
_dDLC
042 _apremarc
050 0 0 _aPK1718.K29
_bT5
100 0 _aKanishka,
_d1925-
245 1 0 _aTina duẏārī ghara.
260 _c[1967]
300 _a297 p.
_c23 cm.
500 _aRomanized.
999 _c79501
_d79501